000 00677cam a2200193 4500
001 WB3623-23
008 000000n2000 000 0 eng u
035 _a(Sirsi) u106449
245 _aHomebuying on the internet
260 _c2000
490 _aIndependent
_v 10 June 2000, 3(2)
520 _aDescribes the nature of web sites that offer homebuying services. Includes general discussion and reviews of six specific sites.
590 _aWB
650 _aINTERNET
650 _aPROPERTY-RESIDENTIAL PROPERTY-ACQUISITION AND DISPOSAL OF RESIDENTIAL PROPERTY
650 _aESTATE AGENTS
690 _aMANAGEMENT-BUSINESS MANAGEMENT-INFORMATION MANAGEMENT
942 _n0
999 _c63762
_d63762